Skład reprezentacji Brazylii! - Statystyki

Ogólne statystyki
  • Ten quiz został rozwiązany 154 razy
  • Średni wynik to 5 z 23
Statystyki odpowiedzi
Pozycja Zawodnik % Poprawnych
Bramkarz Ederson
94%
Bramkarz Alisson
92%
Obrońca Silva
49%
Napastnik Jesus
41%
Obrońca Marquinhos
38%
Napastnik Firmino
30%
Napastnik Richarlison
30%
Obrońca Danilo
22%
Pomocnik Paqueta
22%
Pomocnik Luiz
21%
Napastnik Junior
17%
Obrońca Lodi
14%
Pomocnik Arthur
12%
Bramkarz Weverton
12%
Pomocnik Guimaraes
9%
Obrońca Telles
9%
Napastnik Everton
6%
Obrońca Carlos
4%
Obrońca Felipe
4%
Pomocnik Allan
3%
Obrońca Arana
1%
Napastnik Galhardo
1%
Pomocnik Ribeiro
1%
Nie znaleziono quizów pasujących do podanych kryteriów
Rozkład punktacji
Procent ludzi z każdym wynikiem
Percentyl według liczby udzielonych odpowiedzi
Twoja historia wyników
Nie rozwiązałeś tego quizu